[Event "12. Open de la Constitución"]
[Site "S. Sebastian de los Reyes ESP"]
[Date "2010.12.06"]
[Round "7.10"]
[White "Galan Aguado, Fernando"]
[Black "Castejon Caballero, Andres"]
[Result "1/2-1/2"]
[WhiteElo "1820"]
[BlackElo "2088"]
[PlyCount "51"]
[EventDate "2010.11.30"]
[EventType "swiss"]
[EventRounds "9"]
[EventCountry "ESP"]
[Source "lmi"]
[SourceDate "2010.11.30"]

1. d4 Nf6 2. Nf3 g6 3. Bf4 Bg7 4. h3 c5 5. e3 cxd4 6. exd4 Nc6 7. c3 d6 8. Be2
Qb6 9. Qb3 Qxb3 10. axb3 Be6 11. Nbd2 O-O 12. O-O Bd7 13. Bb5 a6 14. Be2 Rfe8
15. Nc4 Nd5 16. Bh2 b5 17. Na5 Nxa5 18. Rxa5 e5 19. dxe5 dxe5 20. Rfa1 Nc7 21.
Kf1 Bc6 22. c4 f6 23. Ne1 Rad8 24. Nd3 Bf8 25. f3 Ne6 26. Rxa6 1/2-1/2

[Event "12. Open de la Constitución"]
[Site "S. Sebastian de los Reyes ESP"]
[Date "2010.12.06"]
[Round "7.11"]
[White "Vidaurre, Luis Alberto"]
[Black "Garcia Dorado, Alberto"]
[Result "1-0"]
[WhiteElo "1856"]
[BlackElo "2009"]
[PlyCount "43"]
[EventDate "2010.11.30"]
[EventType "swiss"]
[EventRounds "9"]
[EventCountry "ESP"]
[Source "lmi"]
[SourceDate "2010.11.30"]

1. d4 d5 2. Nf3 c6 3. e3 e6 4. Be2 Bd6 5. O-O Nd7 6. Nbd2 f5 7. c4 Ngf6 8. Ng5
e5 9. f4 exd4 10. exd4 Ne4 11. Ngxe4 dxe4 12. c5 Bb8 13. Bc4 Qe7 14. b4 Nf6 15.
Qb3 Nd5 16. b5 h6 17. bxc6 bxc6 18. Bxd5 cxd5 19. Qxd5 Bb7 20. c6 Ba6 21. Ba3
Bc4 22. Qxc4 1-0

[Event "12. Open de la Constitución"]
[Site "S. Sebastian de los Reyes ESP"]
[Date "2010.12.06"]
[Round "7.12"]
[White "Perez Alvarez, Javier"]
[Black "Alonso Garuti, Luis E"]
[Result "1/2-1/2"]
[WhiteElo "1776"]
[BlackElo "1936"]
[PlyCount "55"]
[EventDate "2010.11.30"]
[EventType "swiss"]
[EventRounds "9"]
[EventCountry "ESP"]
[Source "lmi"]
[SourceDate "2010.11.30"]

1. e4 c5 2. Nf3 Nc6 3. d4 cxd4 4. Nxd4 Nf6 5. Nc3 d6 6. Be2 e6 7. Be3 Be7 8.
O-O O-O 9. Qd2 a6 10. a4 Qc7 11. f4 Rd8 12. Kh1 Bd7 13. Bf3 Nxd4 14. Bxd4 e5
15. Be3 Bc6 16. Qf2 Nd7 17. fxe5 Nxe5 18. Bb6 Qd7 19. Bxd8 Rxd8 20. Nd5 Bxd5
21. exd5 Rc8 22. Be4 g6 23. c3 Rc4 24. Bc2 Bg5 25. Rae1 Rh4 26. Re4 Ng4 27. Qg3
f5 28. Rxg4 1/2-1/2

[Event "12. Open de la Constitución"]
[Site "S. Sebastian de los Reyes ESP"]
[Date "2010.12.06"]
[Round "7.13"]
[White "Orellana Illescas, Julio"]
[Black "Perez Cameselle, Francisco"]
[Result "1/2-1/2"]
[WhiteElo "1787"]
[BlackElo "1882"]
[PlyCount "57"]
[EventDate "2010.11.30"]
[EventType "swiss"]
[EventRounds "9"]
[EventCountry "ESP"]
[Source "lmi"]
[SourceDate "2010.11.30"]

1. e4 c5 2. Nf3 Nc6 3. Bb5 Nf6 4. e5 Nd5 5. Bxc6 bxc6 6. b3 g6 7. Bb2 Bg7 8.
Nc3 Nxc3 9. Bxc3 O-O 10. d3 d5 11. Qe2 f6 12. O-O-O fxe5 13. Bxe5 Bg4 14. Bxg7
Kxg7 15. Qe5+ Kg8 16. Rde1 Bxf3 17. gxf3 Rf7 18. h4 Qd6 19. h5 Qxe5 20. Rxe5
Re8 21. hxg6 hxg6 22. Re6 Rf6 23. Rhe1 Kf7 24. Rxf6+ Kxf6 25. Rh1 Kg7 26. Kd2
Rf8 27. Ke3 g5 28. Rg1 Kg6 29. Rg4 1/2-1/2

[Event "12. Open de la Constitución"]
[Site "S. Sebastian de los Reyes ESP"]
[Date "2010.12.06"]
[Round "7.14"]
[White "Camarero Izquierdo, Juan Carlos"]
[Black "De La Orden Alcocer, Alejandro"]
[Result "1-0"]
[WhiteElo "1876"]
[BlackElo "1812"]
[PlyCount "27"]
[EventDate "2010.11.30"]
[EventType "swiss"]
[EventRounds "9"]
[EventCountry "ESP"]
[Source "lmi"]
[SourceDate "2010.11.30"]

1. e4 Nf6 2. e5 Nd5 3. d4 d6 4. f4 g5 5. fxg5 dxe5 6. dxe5 Nc6 7. Bb5 Ndb4 8.
Bd2 Qd5 9. Na3 Nxc2+ 10. Qxc2 Qxg2 11. O-O-O Qxh1 12. Ne2 Qg2 13. Nf4 Qf3 14.
Rf1 1-0

[Event "12. Open de la Constitución"]
[Site "S. Sebastian de los Reyes ESP"]
[Date "2010.12.06"]
[Round "7.15"]
[White "Alvarez Gonzalez, Eduardo"]
[Black "Martin Garcia, Francisco Javier"]
[Result "1-0"]
[WhiteElo "1885"]
[BlackElo "1651"]
[PlyCount "87"]
[EventDate "2010.11.30"]
[EventType "swiss"]
[EventRounds "9"]
[EventCountry "ESP"]
[Source "lmi"]
[SourceDate "2010.11.30"]

1. d4 Nf6 2. Nf3 g6 3. g3 d6 4. Bg2 Bg7 5. O-O O-O 6. c4 Nbd7 7. Qc2 e5 8. dxe5
Nxe5 9. Nxe5 dxe5 10. Rd1 Qe7 11. Nc3 c6 12. Bg5 h6 13. Bxf6 Bxf6 14. Ne4 Bg7
15. Nd6 Be6 16. e4 Rfd8 17. c5 Qc7 18. Rd3 Bf8 19. Rad1 f5 20. exf5 Bxf5 21.
Nxf5 gxf5 22. Qc4+ Kg7 23. Bh3 Rxd3 24. Rxd3 Rd8 25. Bxf5 Rxd3 26. Bxd3 Qd7 27.
Qe4 Kh8 28. Qxe5+ Qg7 29. Qb8 Qe7 30. Qxa7 Qe1+ 31. Kg2 Qe7 32. Bf1 Qf7 33. b4
Qd7 34. a4 Bg7 35. Qb8+ Kh7 36. Qf4 Qd1 37. a5 Qe1 38. Qf5+ Kh8 39. Qc8+ Kh7
40. Qxb7 h5 41. h4 Qd2 42. a6 Kg6 43. Qxc6+ Kf5 44. Qf3+ 1-0

[Event "12. Open de la Constitución"]
[Site "S. Sebastian de los Reyes ESP"]
[Date "2010.12.06"]
[Round "7.16"]
[White "Perez Perez, Elena"]
[Black "Corisco Beltran, Rafael"]
[Result "0-1"]
[WhiteElo "1602"]
[BlackElo "1865"]
[PlyCount "56"]
[EventDate "2010.11.30"]
[EventType "swiss"]
[EventRounds "9"]
[EventCountry "ESP"]
[Source "lmi"]
[SourceDate "2010.11.30"]

1. e4 c5 2. Nf3 Nc6 3. d4 cxd4 4. Nxd4 g6 5. Nc3 Bg7 6. Be3 Nf6 7. Nb3 O-O 8.
Be2 a5 9. a4 d6 10. f4 Nb4 11. g4 d5 12. e5 Ne4 13. Rg1 f6 14. exf6 exf6 15.
Nxe4 dxe4 16. Bc4+ Kh8 17. Bc5 Qc7 18. Bxf8 Bxf8 19. Qe2 Qxf4 20. c3 Nd3+ 21.
Bxd3 exd3 22. Qxd3 Bxg4 23. Nd4 Re8+ 24. Ne2 Rxe2+ 25. Qxe2 Bxe2 26. Kxe2 Qxh2+
27. Kd3 Qxb2 28. Rge1 Kg8 0-1

[Event "12. Open de la Constitución"]
[Site "S. Sebastian de los Reyes ESP"]
[Date "2010.12.06"]
[Round "7.17"]
[White "Ojosnegros Martin, Angel"]
[Black "Sebastian Enesco, Alex"]
[Result "0-1"]
[WhiteElo "1376"]
[BlackElo "1814"]
[PlyCount "97"]
[EventDate "2010.11.30"]
[EventType "swiss"]
[EventRounds "9"]
[EventCountry "ESP"]
[Source "lmi"]
[SourceDate "2010.11.30"]

1. d4 b5 2. e3 a6 3. Nf3 d6 4. Nbd2 Bb7 5. Be2 e6 6. O-O Nf6 7. b3 Be7 8. Bb2
Nbd7 9. c4 c6 10. Rc1 d5 11. cxd5 cxd5 12. Ne5 Nxe5 13. dxe5 Nd7 14. a3 Qb8 15.
b4 Nxe5 16. Nb3 Bf6 17. Nd4 O-O 18. Rc2 Nc4 19. Bxc4 dxc4 20. Qe2 Be4 21. Rd2
Bd3 22. Rxd3 cxd3 23. Qxd3 Rd8 24. Qb1 Bxd4 25. Bxd4 Qb7 26. Rc1 Rac8 27. Rxc8
Rxc8 28. Bc5 Qd5 29. Kf1 Rd8 30. Bd4 e5 31. Bb2 Qd1+ 32. Qxd1 Rxd1+ 33. Ke2 Rh1
34. Bxe5 f6 35. Bg3 Ra1 36. Bd6 Rxa3 37. Kf3 Kf7 38. h4 Ke6 39. Bc5 Kd5 40. g4
a5 41. Bf8 axb4 42. Bxb4 Ra4 43. Bf8 g6 44. Bg7 f5 45. gxf5 gxf5 46. h5 b4 47.
Ke2 Ra2+ 48. Kd3 Rxf2 49. Bd4 0-1

[Event "12. Open de la Constitución"]
[Site "S. Sebastian de los Reyes ESP"]
[Date "2010.12.06"]
[Round "7.18"]
[White "Balsinde Montemayor, Pablo"]
[Black "Salgado Duarte, Pablo"]
[Result "1-0"]
[WhiteElo "1809"]
[BlackElo "1544"]
[PlyCount "55"]
[EventDate "2010.11.30"]
[EventType "swiss"]
[EventRounds "9"]
[EventCountry "ESP"]
[Source "lmi"]
[SourceDate "2010.11.30"]

1. d4 d5 2. Nf3 Nc6 3. Bg5 g6 4. Nbd2 Bg7 5. e3 Nf6 6. c4 Be6 7. Qb3 b6 8. Qa4
Qd7 9. c5 Nb8 10. c6 Qd8 11. Nb1 Ne4 12. Bf4 Nd6 13. Na3 a5 14. Nb5 Nxb5 15.
Bxb5 O-O 16. Nd2 Bc8 17. b4 Ba6 18. Bxa6 Rxa6 19. b5 Ra7 20. O-O Re8 21. Nf3 f6
22. Rad1 e5 23. dxe5 fxe5 24. Bg5 Qd6 25. Qb3 e4 26. Rxd5 Qe6 27. Rd8 Qf7 28.
Rxe8+ 1-0

[Event "12. Open de la Constitución"]
[Site "S. Sebastian de los Reyes ESP"]
[Date "2010.12.06"]
[Round "7.23"]
[White "Palenciano Escolar, Adrian"]
[Black "Nieto Esteban, Manuel"]
[Result "1/2-1/2"]
[WhiteElo "1568"]
[BlackElo "1790"]
[PlyCount "130"]
[EventDate "2010.11.30"]
[EventType "swiss"]
[EventRounds "9"]
[EventCountry "ESP"]
[Source "lmi"]
[SourceDate "2010.11.30"]

1. e4 e5 2. Nf3 Nc6 3. Bb5 a6 4. Ba4 Nf6 5. d3 b5 6. Bb3 Bc5 7. h3 h6 8. c3 O-O
9. Nbd2 d5 10. Nf1 dxe4 11. dxe4 Qxd1+ 12. Bxd1 Nxe4 13. Bc2 Nxf2 14. Rh2 e4
15. N3d2 Nd3+ 16. Bxd3 exd3 17. Nb3 Bb6 18. Bf4 Bf5 19. O-O-O Rfe8 20. g4 Bh7
21. Ng3 g5 22. Bd2 Bg6 23. h4 f6 24. hxg5 hxg5 25. Rf1 Kg7 26. Nh5+ Bxh5 27.
gxh5 Ne5 28. Rh3 Rad8 29. Rg3 Nf7 30. Kd1 c5 31. Be3 c4 32. Bxb6 cxb3 33. Bxd8
bxa2 34. Bxf6+ Kh6 35. Kd2 Re2+ 36. Kxd3 Rxb2 37. Ra1 Kxh5 38. Bxg5 Nxg5 39.
Re3 a5 40. Re2 Rxe2 41. Kxe2 b4 42. cxb4 axb4 43. Rxa2 Kg6 44. Rb2 Kf5 45. Rxb4
Ne6 46. Ke3 Ke5 47. Rb5+ Kd6 48. Ke4 Nc5+ 49. Kd4 Ne6+ 50. Kc4 Kc6 51. Ra5 Kd6
52. Rh5 Kc6 53. Kb4 Kd6 54. Kb5 Nd4+ 55. Kb6 Ne6 56. Kb7 Nc5+ 57. Kc8 Ne6 58.
Rh6 Ke5 59. Kd7 Nd4 60. Rd6 Nf5 61. Re6+ Kd5 62. Rf6 Ke5 63. Re6+ Kd5 64. Re8
Nd4 65. Rc8 Ne6 1/2-1/2

[Event "12. Open de la Constitución"]
[Site "S. Sebastian de los Reyes ESP"]
[Date "2010.12.06"]
[Round "7.28"]
[White "Anton Quevedo, Andrea"]
[Black "Infante Martin, Alonso"]
[Result "1-0"]
[WhiteElo "1406"]
[BlackElo "1524"]
[PlyCount "97"]
[EventDate "2010.11.30"]
[EventType "swiss"]
[EventRounds "9"]
[EventCountry "ESP"]
[Source "lmi"]
[SourceDate "2010.11.30"]

1. e4 e5 2. Nf3 Nc6 3. Bc4 Bc5 4. c3 Nf6 5. d4 exd4 6. O-O O-O 7. cxd4 Bb6 8.
d5 Na5 9. Bd3 Bc5 10. Qa4 c6 11. b4 b5 12. Qxa5 Qxa5 13. bxa5 a6 14. e5 Nxd5
15. Bb2 Nf4 16. Rd1 Ne6 17. Nbd2 d5 18. exd6 Bxd6 19. Ne4 Be7 20. Rac1 Bb7 21.
Rb1 c5 22. a4 c4 23. Bc2 b4 24. Rd7 Bxe4 25. Bxe4 Rae8 26. Nd4 Nc5 27. Bc6 Nxd7
28. Bxd7 Rd8 29. Bg4 c3 30. Nc6 c2 31. Nxe7+ Kh8 32. Rc1 Rd2 33. Nc6 b3 34. Bc3
Rd3 35. Bb2 Re8 36. Kf1 Re4 37. Be2 Rd6 38. Bf3 Rxa4 39. Re1 Re6 40. Ne5 Kg8
41. Bd5 Re7 42. Bxb3 Rb4 43. Ba3 Rxb3 44. Bxe7 Rb1 45. Nd3 Rd1 46. Ba3 h6 47.
Ke2 Rb1 48. Rc1 Rb3 49. Bb2 1-0

[Event "12. Open de la Constitución"]
[Site "S. Sebastian de los Reyes ESP"]
[Date "2010.12.07"]
[Round "8.1"]
[White "Hernando Pertierra, Jose Carlos"]
[Black "Semprun Martinez, Fernando"]
[Result "1-0"]
[WhiteElo "2394"]
[BlackElo "2216"]
[PlyCount "137"]
[EventDate "2010.11.30"]
[EventType "swiss"]
[EventRounds "9"]
[EventCountry "ESP"]
[Source "lmi"]
[SourceDate "2010.11.30"]

1. Nf3 c5 2. e4 e6 3. d3 Nc6 4. g3 d5 5. Nbd2 Bd6 6. Bg2 Nge7 7. O-O O-O 8. Re1
Qc7 9. Qe2 f6 10. c3 Bd7 11. d4 cxd4 12. Nxd4 Nxd4 13. cxd4 Nc6 14. Nb3 dxe4
15. Bxe4 e5 16. Qc4+ Kh8 17. d5 Nd4 18. Qxc7 Bxc7 19. Be3 Nb5 20. Nc5 Bc8 21.
Ne6 Rf7 22. Rec1 Bb6 23. Bc5 Bxc5 24. Rxc5 Nd6 25. Rac1 Bd7 26. Bg2 Rc8 27.
Rxc8+ Bxc8 28. f4 exf4 29. gxf4 Re7 30. Kf2 h5 31. f5 g6 32. fxg6 Bxe6 33. dxe6
Kg7 34. Bd5 Kxg6 35. Ke3 f5 36. Kf4 Kf6 37. Rg1 Ne8 38. Rg8 Nc7 39. Rf8+ Kg7
40. Rxf5 Kg6 41. Rg5+ Kh6 42. h4 Nxd5+ 43. Rxd5 Rxe6 44. Kf5 Rg6 45. Re5 Rg7
46. Re6+ Kh7 47. Kf6 Rg6+ 48. Ke5 Rg7 49. Kd6 Rg4 50. Re7+ Kg6 51. Rxb7 Rxh4
52. Rxa7 Rb4 53. b3 h4 54. Ra8 Kg5 55. Kc5 Rf4 56. Rg8+ Kf5 57. b4 h3 58. Rh8
Kg4 59. a4 Rf5+ 60. Kb6 Rh5 61. Rg8+ Kf5 62. Rg1 h2 63. Rh1 Ke6 64. a5 Kd7 65.
a6 Kc8 66. Rc1+ Kd7 67. a7 Rh6+ 68. Kb7 Rh4 69. Rd1+ 1-0

[Event "12. Open de la Constitución"]
[Site "S. Sebastian de los Reyes ESP"]
[Date "2010.12.07"]
[Round "8.2"]
[White "Roa Alonso, Santiago"]
[Black "Esquivias Gomez, Fco. Javier"]
[Result "1-0"]
[WhiteElo "2440"]
[BlackElo "2015"]
[PlyCount "75"]
[EventDate "2010.11.30"]
[EventType "swiss"]
[EventRounds "9"]
[EventCountry "ESP"]
[Source "lmi"]
[SourceDate "2010.11.30"]

1. d4 Nf6 2. c4 c5 3. d5 b5 4. cxb5 a6 5. b6 Qxb6 6. Nc3 d6 7. e4 g6 8. Nf3 Bg4
9. Qa4+ Bd7 10. Qc2 Bg7 11. Nd2 O-O 12. Nc4 Qc7 13. Be2 Bb5 14. O-O Nbd7 15.
Bd2 Nb6 16. Nxb5 axb5 17. Na5 Nbxd5 18. exd5 Rxa5 19. Bxa5 Qxa5 20. Rfd1 Nd7
21. a4 bxa4 22. Rxa4 Qb6 23. b3 Rb8 24. Rd3 Bd4 25. Qd2 Nf6 26. Bf3 Qb5 27. h4
h5 28. Ra7 Rb7 29. Rxb7 Qxb7 30. Qa5 Ng4 31. b4 Bxf2+ 32. Kf1 cxb4 33. Bxg4 Bb6
34. Bc8 Qc7 35. Qxb4 Ba5 36. Qa4 Qxc8 37. Qxa5 Qf5+ 38. Rf3 1-0

[Event "12. Open de la Constitución"]
[Site "S. Sebastian de los Reyes ESP"]
[Date "2010.12.07"]
[Round "8.3"]
[White "Longa Yauca, Javier"]
[Black "Quevedo Marin, Manuel"]
[Result "1/2-1/2"]
[WhiteElo "2345"]
[BlackElo "2183"]
[PlyCount "92"]
[EventDate "2010.11.30"]
[EventType "swiss"]
[EventRounds "9"]
[EventCountry "ESP"]
[Source "lmi"]
[SourceDate "2010.11.30"]

1. d4 d5 2. Nf3 Nf6 3. c4 c6 4. e3 a6 5. Qc2 g6 6. Nc3 Bg7 7. Bd3 dxc4 8. Bxc4
b5 9. Bd3 Nbd7 10. a4 Bb7 11. O-O O-O 12. Rd1 Qb8 13. Be2 b4 14. Ne4 Nxe4 15.
Qxe4 e5 16. dxe5 c5 17. Qc4 Nxe5 18. Qxc5 Nxf3+ 19. gxf3 a5 20. e4 Rc8 21. Qe7
Re8 22. Qh4 Qc8 23. Bb5 Bc6 24. Bh6 Bxb5 25. Bxg7 Kxg7 26. axb5 a4 27. Rac1 Qe6
28. Rd5 a3 29. bxa3 bxa3 30. Qf4 a2 31. Ra1 Ra3 32. Kg2 Qc8 33. Qd2 Rxf3 34.
Qd4+ Rf6 35. e5 Rfe6 36. Rxa2 Qb7 37. Ra7 Qb8 38. Rdd7 Rf8 39. Rd6 Rfe8 40. b6
Kg8 41. Rxe6 Rxe6 42. Qd7 Qf8 43. Qxe6 fxe6 44. b7 Qb4 45. Ra8+ Kg7 46. b8=Q
Qg4+ 1/2-1/2

[Event "12. Open de la Constitución"]
[Site "S. Sebastian de los Reyes ESP"]
[Date "2010.12.07"]
[Round "8.4"]
[White "Ortega Ruiz, Jose Miguel"]
[Black "Alvarez Abejon, Amilcar"]
[Result "1-0"]
[WhiteElo "2260"]
[BlackElo "2091"]
[PlyCount "63"]
[EventDate "2010.11.30"]
[EventType "swiss"]
[EventRounds "9"]
[EventCountry "ESP"]
[Source "lmi"]
[SourceDate "2010.11.30"]

1. d4 Nf6 2. c4 g6 3. Nc3 d5 4. cxd5 Nxd5 5. e4 Nxc3 6. bxc3 Bg7 7. Bc4 c5 8.
Ne2 O-O 9. O-O Nc6 10. Be3 Qc7 11. Rc1 Rd8 12. f4 Bg4 13. e5 e6 14. Qa4 a6 15.
dxc5 Na5 16. Ng3 Bf5 17. Be2 Bf8 18. Nxf5 gxf5 19. Qb4 Nc6 20. Qb6 Rac8 21.
Rcd1 Rxd1 22. Rxd1 Ne7 23. Bf3 Nc6 24. Rb1 Na5 25. c6 Nxc6 26. Qxb7 Qxb7 27.
Rxb7 Na5 28. Rd7 Rxc3 29. Bd2 Rc5 30. Bh5 Nc4 31. Bxf7+ Kh8 32. Bb4 1-0

[Event "12. Open de la Constitución"]
[Site "S. Sebastian de los Reyes ESP"]
[Date "2010.12.07"]
[Round "8.5"]
[White "Barez Menendez, Hector"]
[Black "Anton Veiga, Juan Carlos"]
[Result "1/2-1/2"]
[WhiteElo "2168"]
[BlackElo "2098"]
[PlyCount "66"]
[EventDate "2010.11.30"]
[EventType "swiss"]
[EventRounds "9"]
[EventCountry "ESP"]
[Source "lmi"]
[SourceDate "2010.11.30"]

1. Nf3 f5 2. d4 Nf6 3. g3 g6 4. Bg2 Bg7 5. O-O O-O 6. c4 d6 7. Nc3 Nc6 8. d5
Ne5 9. Qb3 Nxf3+ 10. Bxf3 Kh8 11. Bg2 Rb8 12. Qc2 e5 13. dxe6 Bxe6 14. b3 Qd7
15. Bb2 f4 16. gxf4 Bh3 17. f3 Bxg2 18. Kxg2 Nh5 19. e3 Rbe8 20. Rae1 g5 21.
fxg5 Rf5 22. f4 Qc6+ 23. e4 Rxf4 24. Rxf4 Nxf4+ 25. Kh1 Qd7 26. Nd5 Rf8 27. Nf6
Qh3 28. Qf2 Nd3 29. Qe2 Nxe1 30. Qxe1 Qf3+ 31. Kg1 h6 32. h4 Bxf6 33. Bxf6+
Rxf6 1/2-1/2

[Event "12. Open de la Constitución"]
[Site "S. Sebastian de los Reyes ESP"]
[Date "2010.12.07"]
[Round "8.6"]
[White "Rodrigo Yanguas, Maria"]
[Black "Cardenas Serrano, Sergio"]
[Result "1/2-1/2"]
[WhiteElo "2070"]
[BlackElo "2124"]
[PlyCount "87"]
[EventDate "2010.11.30"]
[EventType "swiss"]
[EventRounds "9"]
[EventCountry "ESP"]
[Source "lmi"]
[SourceDate "2010.11.30"]

1. e4 e6 2. d4 d5 3. Nd2 Nf6 4. e5 Nfd7 5. Bd3 c5 6. c3 Nc6 7. Ne2 cxd4 8. cxd4
f6 9. exf6 Nxf6 10. Nf3 Bd6 11. O-O Qc7 12. Re1 O-O 13. Ng3 Bd7 14. Bd2 Rae8
15. Rc1 Qb6 16. Bc3 Bf4 17. Rc2 Nb4 18. Bxb4 Qxb4 19. Rce2 Kh8 20. Bb1 Rc8 21.
Rc2 Ba4 22. b3 Bd7 23. Ne5 Rxc2 24. Bxc2 Bxe5 25. Rxe5 g6 26. h4 Rc8 27. Qf3
Kg7 28. Qd1 Qc3 29. Bb1 Qc1 30. Re1 Qf4 31. h5 Ng4 32. Qf3 Qg5 33. hxg6 Rf8 34.
Qd3 Qh6 35. Re2 hxg6 36. Qd2 Qh2+ 37. Kf1 Qxg3 38. Ke1 Qxg2 39. Kd1 Rxf2 40.
Qg5 Rxe2 41. Qe7+ Kg8 42. Qd8+ Kf7 43. Qxd7+ Kf6 44. Qd8+ 1/2-1/2

[Event "12. Open de la Constitución"]
[Site "S. Sebastian de los Reyes ESP"]
[Date "2010.12.07"]
[Round "8.7"]
[White "Cavalle Pulla, Daniel"]
[Black "Castejon Caballero, Natalia"]
[Result "1-0"]
[WhiteElo "1897"]
[BlackElo "2079"]
[PlyCount "55"]
[EventDate "2010.11.30"]
[EventType "swiss"]
[EventRounds "9"]
[EventCountry "ESP"]
[Source "lmi"]
[SourceDate "2010.11.30"]

1. e4 c5 2. Nc3 d6 3. Bb5+ Bd7 4. Bxd7+ Qxd7 5. f4 Nc6 6. Nf3 g6 7. d3 Bg7 8.
O-O Nd4 9. Be3 Nh6 10. Kh1 O-O 11. Bg1 b5 12. Nxd4 cxd4 13. Ne2 e5 14. c3 dxc3
15. Nxc3 exf4 16. Rxf4 f5 17. Qb3+ Kh8 18. Raf1 g5 19. R4f2 a6 20. Nd5 Rab8 21.
Rc2 Rb7 22. Nb6 Qe7 23. Qd5 Qe5 24. Qxb7 f4 25. Qd5 Qe7 26. Rc8 g4 27. Rxf8+
Qxf8 28. Qa8 1-0

[Event "12. Open de la Constitución"]
[Site "S. Sebastian de los Reyes ESP"]
[Date "2010.12.07"]
[Round "8.8"]
[White "Aziz Ortego, Omar Luis"]
[Black "Vidaurre, Luis Alberto"]
[Result "1-0"]
[WhiteElo "2056"]
[BlackElo "1856"]
[PlyCount "97"]
[EventDate "2010.11.30"]
[EventType "swiss"]
[EventRounds "9"]
[EventCountry "ESP"]
[Source "lmi"]
[SourceDate "2010.11.30"]

1. e4 c5 2. f4 Nc6 3. Nf3 d6 4. c4 g6 5. d4 cxd4 6. Nxd4 Bg7 7. Nc2 Nf6 8. Nc3
O-O 9. Be2 Bd7 10. O-O Rc8 11. Rb1 Na5 12. Ne3 Qb6 13. Kh1 Be6 14. b3 Nc6 15.
Ned5 Qd8 16. Bb2 a6 17. g4 Nd7 18. f5 Bxd5 19. exd5 Nce5 20. Ne4 Nc5 21. Nxc5
Rxc5 22. Bd4 Rc8 23. Qd2 f6 24. a4 g5 25. Qe3 Qd7 26. Rg1 Rb8 27. a5 Rfc8 28.
Ra1 h6 29. Rg3 Kf7 30. Rh3 Qe8 31. Kg2 Qd7 32. Rh5 Rh8 33. Rh1 Rbg8 34. Kf1 Bf8
35. Ke1 Bg7 36. Kd2 Qc8 37. Kc3 Qd7 38. Kb4 Qc8 39. Ka3 Qd7 40. Bb6 Rc8 41. Qe4
Qe8 42. Rc1 Qd7 43. b4 Rhe8 44. Rh3 Bf8 45. Bd1 Qb5 46. Rhc3 Rxc4 47. Rxc4
Nxc4+ 48. Rxc4 h5 49. Ba4 1-0

[Event "12. Open de la Constitución"]
[Site "S. Sebastian de los Reyes ESP"]
[Date "2010.12.07"]
[Round "8.9"]
[White "Castejon Caballero, Andres"]
[Black "Balsinde Montemayor, Pablo"]
[Result "1-0"]
[WhiteElo "2088"]
[BlackElo "1809"]
[PlyCount "59"]
[EventDate "2010.11.30"]
[EventType "swiss"]
[EventRounds "9"]
[EventCountry "ESP"]
[Source "lmi"]
[SourceDate "2010.11.30"]

1. e4 d6 2. d4 Nf6 3. f3 e5 4. Ne2 Be7 5. c4 O-O 6. Nbc3 c6 7. Be3 Be6 8. d5
Bc8 9. Qd2 c5 10. g4 Nfd7 11. O-O-O Nb6 12. Ng3 Bh4 13. Nf5 Bxf5 14. gxf5 Kh8
15. Rg1 f6 16. Rg4 Bg5 17. Bxg5 fxg5 18. Rxg5 a6 19. Bd3 Qf6 20. Rdg1 Rf7 21.
Qf2 Qh6 22. Kc2 N8d7 23. R5g4 Rg8 24. Rh4 Qf6 25. Rg6 Qe7 26. Re6 Qg5 27. Rxd6
Nc8 28. Rg6 Qe7 29. Rgg4 Nd6 30. Rxh7+ 1-0

[Event "12. Open de la Constitución"]
[Site "S. Sebastian de los Reyes ESP"]
[Date "2010.12.07"]
[Round "8.10"]
[White "Muñoz Sanchez, Daniel"]
[Black "Galan Aguado, Fernando"]
[Result "1-0"]
[WhiteElo "1976"]
[BlackElo "1820"]
[PlyCount "97"]
[EventDate "2010.11.30"]
[EventType "swiss"]
[EventRounds "9"]
[EventCountry "ESP"]
[Source "lmi"]
[SourceDate "2010.11.30"]

1. e4 e6 2. d3 d5 3. Nd2 c5 4. Ngf3 Nf6 5. g3 Nc6 6. Bg2 Be7 7. O-O Qc7 8. Re1
b6 9. Nf1 h6 10. exd5 Nxd5 11. c4 Nf6 12. Ne5 Bb7 13. Bf4 Nxe5 14. Bxe5 Qd7 15.
Bxb7 Qxb7 16. Qa4+ Qd7 17. Qxd7+ Kxd7 18. Nd2 Rhg8 19. Bc3 Ne8 20. Nf3 Bf6 21.
Ne5+ Ke7 22. d4 Bxe5 23. Rxe5 cxd4 24. Bxd4 Rd8 25. Bc3 Rc8 26. b3 Nd6 27. Bb4
f6 28. Re2 Rgd8 29. Rae1 e5 30. f4 e4 31. Rxe4+ Kf7 32. Re7+ Kg6 33. Rxa7 Nf5
34. g4 Nh4 35. Kf2 Rd3 36. Re3 Rcd8 37. Rae7 h5 38. Kg3 Rxe3+ 39. Rxe3 hxg4 40.
Kxh4 f5 41. Re6+ Kf7 42. Rxb6 Rd3 43. Kg5 Rh3 44. Kxf5 Rxh2 45. Rb7+ Kg8 46.
Kxg4 Rxa2 47. Bc3 Rg2+ 48. Kf5 Rg3 49. Rxg7+ 1-0

[Event "12. Open de la Constitución"]
[Site "S. Sebastian de los Reyes ESP"]
[Date "2010.12.07"]
[Round "8.11"]
[White "Quintero Torres, Pedro"]
[Black "Orellana Illescas, Julio"]
[Result "1-0"]
[WhiteElo "1971"]
[BlackElo "1787"]
[PlyCount "85"]
[EventDate "2010.11.30"]
[EventType "swiss"]
[EventRounds "9"]
[EventCountry "ESP"]
[Source "lmi"]
[SourceDate "2010.11.30"]

1. e4 c5 2. Nf3 Nc6 3. Bb5 g6 4. O-O Bg7 5. c3 Nf6 6. Qe2 O-O 7. d4 cxd4 8.
cxd4 a6 9. Bxc6 bxc6 10. Nc3 d5 11. e5 Ne8 12. h3 Nc7 13. Be3 a5 14. Qd2 Ba6
15. Rfd1 Ne6 16. Bh6 Qb6 17. Bxg7 Kxg7 18. Rac1 Bb5 19. Ng5 Nxg5 20. Qxg5 Ra7
21. Qd2 Rb8 22. Qf4 a4 23. Rd2 Bc4 24. Ne4 Bxa2 25. Ng5 Rf8 26. e6 f6 27. Nf7
c5 28. Qh6+ Kg8 29. Nh8 Qxe6 30. Nxg6 hxg6 31. Qxg6+ Kh8 32. Qh6+ Kg8 33. Rd3
Qd6 34. dxc5 Qc7 35. Qg6+ Kh8 36. Rd4 e5 37. Rh4+ Qh7 38. Rxh7+ Rxh7 39. c6 Rg7
40. Qh6+ Kg8 41. c7 Rc8 42. Qxf6 d4 43. Qd8+ 1-0

[Event "12. Open de la Constitución"]
[Site "S. Sebastian de los Reyes ESP"]
[Date "2010.12.07"]
[Round "8.12"]
[White "Alonso Garuti, Luis E"]
[Black "Garcia Martinez, Jorge"]
[Result "1/2-1/2"]
[WhiteElo "1936"]
[BlackElo "1752"]
[PlyCount "28"]
[EventDate "2010.11.30"]
[EventType "swiss"]
[EventRounds "9"]
[EventCountry "ESP"]
[Source "lmi"]
[SourceDate "2010.11.30"]

1. e4 c5 2. Nf3 d6 3. d4 cxd4 4. Nxd4 Nf6 5. Nc3 g6 6. Bc4 Bg7 7. f3 O-O 8. Be3
Nc6 9. Qd2 Bd7 10. Bb3 Na5 11. O-O-O Nxb3+ 12. axb3 Qa5 13. Na4 Qd8 14. Nc3 Qa5
1/2-1/2